010150000a2200205000450008200180000010000280001824501360004625000220018226000340020430000180023850000440025650100150030050501660031565000330048100100060051494200070052095201320052795201330065999900170079204aR 264.23 J84d1 aJulian, John., (Editor)10aA dictionary of hymnology : Setting forth the origin and history of Christian hymns of all ages and nations / Edited by John Julian aSegunda edición aNew York : Dover Publications a2 volúmenes aIncluye índice (Vol. 2, p. 1730-1768) aPasta dura00aDiccionario de himnos estableciendo el origen y la historia de los himnos cristianos de todas las edades y naciones - Volumen 1: A hasta O \ Volumen 2: P hasta Z14aHimnos cristianos - Historia20176 cBK 00102ddc40708REFaFUSBCbFUSBCd2015-07-02l0oR 264.23 J84d p20720r2019-12-12 00:00:00tVol.1, ej. 1w2016-01-26yREFB0 00102ddc40708REFaFUSBCbFUSBCd2015-07-02l0oR 264.23 J84d p20721r2019-12-12 00:00:00tVol. 2, ej. 1w2016-01-26yREFB0 c46529d46529